[Event "World Senior Championship S65+"]
[Site "Katerini"]
[Date "2014.10.28"]
[Round "5.3"]
[White "Pushkov, Nikolai"]
[Black "Balashov, Yuri S"]
[Result "0-1"]
[WhiteElo "2306"]
[BlackElo "2429"]
[EventDate "2014.10.24"]

1. d4 {[%clk 1:30:56]} Nf6 {[%clk 1:30:52]} 2. c4 {[%clk 1:31:07]} e6
{[%clk 1:31:12]} 3. Nf3 {[%clk 1:31:00]} c5 {[%clk 1:31:32]} 4. Nc3
{[%clk 1:30:22]} cxd4 {[%clk 1:31:02]} 5. Nxd4 {[%clk 1:30:49]} Bb4
{[%clk 1:31:14]} 6. Ndb5 {[%clk 1:29:49]} d5 {[%clk 1:27:15]} 7. cxd5
{[%clk 1:26:36]} exd5 {[%clk 1:25:38]} 8. Bg5 {[%clk 1:23:29]} O-O
{[%clk 1:24:57]} 9. Rc1 {[%clk 1:22:34]} Nc6 {[%clk 1:21:16]} 10. e3
{[%clk 1:18:59]} a6 {[%clk 1:11:39]} 11. Nd4 {[%clk 1:16:09]} h6 {[%clk 1:03:13]}
12. Bxf6 {[%clk 0:54:07]} Qxf6 {[%clk 1:03:37]} 13. a3 {[%clk 0:54:31]} Bxc3+
{[%clk 1:03:45]} 14. Rxc3 {[%clk 0:52:24]} Re8 {[%clk 1:00:44]} 15. Nxc6
{[%clk 0:46:11]} bxc6 {[%clk 1:01:08]} 16. Be2 {[%clk 0:46:27]} a5
{[%clk 0:43:38]} 17. O-O {[%clk 0:42:35]} Ba6 {[%clk 0:40:33]} 18. Re1
{[%clk 0:41:58]} Bxe2 {[%clk 0:39:16]} 19. Rxe2 {[%clk 0:42:24]} Rab8
{[%clk 0:39:14]} 20. Qc2 {[%clk 0:34:38]} Rb6 {[%clk 0:37:04]} 21. h3
{[%clk 0:31:56]} Re4 {[%clk 0:31:20]} 22. Rd2 {[%clk 0:30:37]} g6
{[%clk 0:30:45]} 23. Rc5 {[%clk 0:28:03]} a4 {[%clk 0:30:11]} 24. Qc3
{[%clk 0:27:53]} Qxc3 {[%clk 0:29:49]} 25. Rxc3 {[%clk 0:28:21]} Kf8
{[%clk 0:29:48]} 26. Kf1 {[%clk 0:23:45]} f5 {[%clk 0:28:29]} 27. g3
{[%clk 0:17:59]} Ke7 {[%clk 0:28:31]} 28. Ke2 {[%clk 0:18:09]} Kd6
{[%clk 0:28:36]} 29. h4 {[%clk 0:16:25]} Rb5 {[%clk 0:28:25]} 30. Kd1
{[%clk 0:14:41]} c5 {[%clk 0:28:27]} 31. Kc1 {[%clk 0:14:32]} Kc6
{[%clk 0:28:34]} 32. f3 {[%clk 0:11:11]} Re7 {[%clk 0:26:30]} 33. Rg2
{[%clk 0:07:30]} c4 {[%clk 0:25:40]} 34. f4 {[%clk 0:06:40]} h5 {[%clk 0:24:13]}
35. Rgc2 {[%clk 0:05:04]} Kc5 {[%clk 0:24:22]} 36. Kd2 {[%clk 0:02:43]} Rb6
{[%clk 0:24:37]} 37. Kc1 {[%clk 0:02:58]} Rbe6 {[%clk 0:24:13]} 38. Kd2
{[%clk 0:03:20]} Kb5 {[%clk 0:24:16]} 39. Rc1 {[%clk 0:03:25]} Re4
{[%clk 0:24:20]} 40. Rd1 {[%clk 0:32:25]} Kc5 {[%clk 0:52:18]} 41. Rdc1
{[%clk 0:29:02]} Re8 {[%clk 0:51:20]} 42. R1c2 {[%clk 0:21:31]} R4e7
{[%clk 0:50:41]} 43. Rc1 {[%clk 0:21:42]} Rb7 {[%clk 0:50:42]} 44. R1c2
{[%clk 0:21:39]} Reb8 {[%clk 0:50:51]} 45. Kc1 {[%clk 0:21:47]} Rb6
{[%clk 0:50:51]} 46. Kb1 {[%clk 0:20:12]} Re6 {[%clk 0:45:49]} 47. Kc1
{[%clk 0:20:24]} Re4 {[%clk 0:45:25]} 48. Kd2 {[%clk 0:18:08]} Kb5
{[%clk 0:45:48]} 49. Kc1 {[%clk 0:18:01]} Rbe8 {[%clk 0:42:52]} 50. Rd2
{[%clk 0:17:56]} Kc5 {[%clk 0:43:16]} 51. Re2 {[%clk 0:17:55]} d4
{[%clk 0:43:09]} 52. exd4+ {[%clk 0:18:17]} Kd5 {[%clk 0:43:30]} 53. Rxe4
{[%clk 0:17:08]} fxe4 {[%clk 0:43:54]} 0-1

[Event "World Senior Championship S65+"]
[Site "Katerini"]
[Date "2014.10.28"]
[Round "5.22"]
[White "Morriss, Pete"]
[Black "Hohler, Peter"]
[Result "1-0"]
[WhiteElo "2032"]
[BlackElo "2187"]
[EventDate "2014.10.24"]

1. b4 {[%clk 1:29:51]} d5 {[%clk 1:30:22]} 2. Bb2 {[%clk 1:30:15]} Qd6
{[%clk 1:30:22]} 3. a3 {[%clk 1:30:39]} e5 {[%clk 1:30:26]} 4. Nf3
{[%clk 1:31:03]} Nd7 {[%clk 1:30:12]} 5. e3 {[%clk 1:31:19]} e4 {[%clk 1:27:49]}
6. Nd4 {[%clk 1:30:04]} c6 {[%clk 1:26:08]} 7. c4 {[%clk 1:28:31]} dxc4
{[%clk 1:24:53]} 8. Bxc4 {[%clk 1:25:39]} Qg6 {[%clk 1:24:14]} 9. g3
{[%clk 1:18:52]} Ne5 {[%clk 1:20:35]} 10. Be2 {[%clk 1:16:21]} h5
{[%clk 0:57:49]} 11. Nb5 {[%clk 1:09:27]} cxb5 {[%clk 0:56:33]} 12. Bxe5
{[%clk 1:06:36]} a6 {[%clk 0:56:23]} 13. Nc3 {[%clk 1:04:03]} Ne7
{[%clk 0:50:15]} 14. Bf4 {[%clk 0:48:08]} h4 {[%clk 0:42:18]} 15. a4
{[%clk 0:40:04]} bxa4 {[%clk 0:38:50]} 16. Rxa4 {[%clk 0:38:46]} hxg3
{[%clk 0:36:26]} 17. Bxg3 {[%clk 0:38:13]} Bf5 {[%clk 0:27:25]} 18. b5
{[%clk 0:28:17]} a5 {[%clk 0:13:59]} 19. Qb1 {[%clk 0:26:33]} Nc8
{[%clk 0:13:38]} 20. b6 {[%clk 0:22:35]} Bd6 {[%clk 0:11:33]} 21. Bb5+
{[%clk 0:11:06]} Kf8 {[%clk 0:11:39]} 22. Nd5 {[%clk 0:09:57]} Bxg3
{[%clk 0:10:21]} 23. fxg3 {[%clk 0:09:47]} Qd6 {[%clk 0:09:30]} 24. Rd4
{[%clk 0:09:02]} Nxb6 {[%clk 0:08:57]} 25. O-O {[%clk 0:07:33]} Qh6
{[%clk 0:05:33]} 26. Rf2 {[%clk 0:08:02]} Nxd5 {[%clk 0:05:21]} 27. Rxd5
{[%clk 0:08:29]} g6 {[%clk 0:05:00]} 28. Bc4 {[%clk 0:08:19]} Rc8
{[%clk 0:03:30]} 29. Qb5 {[%clk 0:08:40]} Be6 {[%clk 0:02:25]} 30. Rd4
{[%clk 0:08:14]} Qh3 {[%clk 0:01:27]} 31. Qxa5 {[%clk 0:06:24]} Bxc4
{[%clk 0:00:52]} 32. Qb4+ {[%clk 0:06:46]} Kg7 {[%clk 0:00:53]} 33. Rxc4
{[%clk 0:07:12]} Ra8 {[%clk 0:00:52]} 34. Qb2+ {[%clk 0:06:43]} Kg8
{[%clk 0:01:04]} 35. Rc7 {[%clk 0:06:34]} Qe6 {[%clk 0:00:45]} 36. Rfxf7
{[%clk 0:06:22]} Qxf7 {[%clk 0:00:58]} 37. Rxf7 {[%clk 0:06:40]} Kxf7
{[%clk 0:01:27]} 38. Qxb7+ {[%clk 0:06:56]} Kf6 {[%clk 0:01:54]} 39. Qxe4
{[%clk 0:07:09]} Rhd8 {[%clk 0:01:37]} 40. d4 {[%clk 0:37:08]} Ra1+
{[%clk 0:31:08]} 41. Kg2 {[%clk 0:36:07]} Rda8 {[%clk 0:30:48]} 42. Qe5+
{[%clk 0:35:27]} Kf7 {[%clk 0:31:17]} 43. d5 {[%clk 0:35:25]} R1a2+
{[%clk 0:30:35]} 44. Kf3 {[%clk 0:33:59]} Re8 {[%clk 0:30:54]} 45. Qc7+
{[%clk 0:30:46]} Kf6 {[%clk 0:27:46]} 46. g4 {[%clk 0:29:08]} Rf8
{[%clk 0:25:18]} 47. h4 {[%clk 0:28:23]} g5 {[%clk 0:24:55]} 48. h5
{[%clk 0:28:28]} Rfa8 {[%clk 0:23:26]} 49. h6 {[%clk 0:28:02]} R2a7
{[%clk 0:22:16]} 50. Qd6+ {[%clk 0:27:21]} Kf7 {[%clk 0:22:42]} 51. Qe6+
{[%clk 0:26:19]} Kf8 {[%clk 0:23:10]} 52. Qg6 {[%clk 0:25:42]} Re8
{[%clk 0:22:53]} 53. h7 {[%clk 0:25:15]} Rf7+ {[%clk 0:22:34]} 54. Ke4 1-0

[Event "World Senior Championship S65+"]
[Site "Katerini"]
[Date "2014.10.29"]
[Round "6.1"]
[White "Vaisser, Anatoly"]
[Black "Balashov, Yuri S"]
[Result "1/2-1/2"]
[WhiteElo "2531"]
[BlackElo "2429"]
[EventDate "2014.10.24"]

1. d4 {[%clk 1:30:43]} Nf6 {[%clk 1:30:52]} 2. c4 {[%clk 1:30:52]} e6
{[%clk 1:31:18]} 3. Nc3 {[%clk 1:31:12]} Bb4 {[%clk 1:31:38]} 4. e3
{[%clk 1:31:27]} O-O {[%clk 1:32:02]} 5. Nge2 {[%clk 1:31:22]} d5
{[%clk 1:32:10]} 6. a3 {[%clk 1:31:40]} Be7 {[%clk 1:32:20]} 7. cxd5
{[%clk 1:31:13]} exd5 {[%clk 1:32:05]} 8. g3 {[%clk 1:30:52]} c6 {[%clk 1:29:22]}
9. Bg2 {[%clk 1:30:42]} a5 {[%clk 1:29:19]} 10. O-O {[%clk 1:30:43]} Na6
{[%clk 1:29:35]} 11. f3 {[%clk 1:22:51]} Nc7 {[%clk 1:25:04]} 12. e4
{[%clk 1:22:06]} dxe4 {[%clk 1:24:05]} 13. fxe4 {[%clk 1:22:20]} c5
{[%clk 1:22:28]} 14. d5 {[%clk 1:19:36]} Ng4 {[%clk 1:22:31]} 15. h3
{[%clk 1:16:47]} Ne5 {[%clk 1:21:35]} 16. a4 {[%clk 1:09:41]} Bd6
{[%clk 1:17:18]} 17. b3 {[%clk 0:59:58]} b6 {[%clk 1:08:23]} 18. Be3
{[%clk 0:58:05]} Ba6 {[%clk 1:07:46]} 19. Qc2 {[%clk 0:52:41]} 1/2-1/2

[Event "World Senior Championship S65+"]
[Site "Katerini"]
[Date "2014.10.29"]
[Round "6.17"]
[White "Malmdin, Nils-Ake"]
[Black "Morriss, Pete"]
[Result "0-1"]
[WhiteElo "2208"]
[BlackElo "2032"]
[EventDate "2014.10.24"]

1. e4 {[%clk 1:30:34]} c6 {[%clk 1:30:43]} 2. d4 {[%clk 1:30:21]} d5
{[%clk 1:31:07]} 3. e5 {[%clk 1:30:30]} c5 {[%clk 1:31:31]} 4. dxc5
{[%clk 1:30:23]} Nc6 {[%clk 1:31:21]} 5. Bb5 {[%clk 1:29:16]} e6 {[%clk 1:29:16]}
6. Be3 {[%clk 1:11:44]} Nge7 {[%clk 1:28:59]} 7. c3 {[%clk 1:08:20]} Nf5
{[%clk 1:27:36]} 8. Bd4 {[%clk 1:05:43]} Be7 {[%clk 1:26:26]} 9. Nf3
{[%clk 1:02:13]} O-O {[%clk 1:25:06]} 10. O-O {[%clk 1:00:05]} Bd7
{[%clk 1:10:45]} 11. a4 {[%clk 0:54:00]} Rc8 {[%clk 1:08:16]} 12. Bxc6
{[%clk 0:48:24]} bxc6 {[%clk 1:00:24]} 13. b4 {[%clk 0:46:52]} Rb8
{[%clk 0:59:06]} 14. Na3 {[%clk 0:44:19]} a5 {[%clk 0:56:49]} 15. Rb1
{[%clk 0:44:21]} Qc7 {[%clk 0:54:46]} 16. g4 {[%clk 0:30:17]} Nxd4
{[%clk 0:48:51]} 17. Qxd4 {[%clk 0:30:03]} f6 {[%clk 0:47:59]} 18. Nc2
{[%clk 0:25:57]} Be8 {[%clk 0:45:25]} 19. Rb2 {[%clk 0:22:39]} Bg6
{[%clk 0:44:26]} 20. Re1 {[%clk 0:19:51]} Be4 {[%clk 0:43:11]} 21. Rxe4
{[%clk 0:16:54]} dxe4 {[%clk 0:43:19]} 22. Qxe4 {[%clk 0:16:59]} Bxc5
{[%clk 0:42:09]} 23. Qc4 {[%clk 0:16:31]} fxe5 {[%clk 0:35:48]} 24. Nce1
{[%clk 0:15:27]} Qe7 {[%clk 0:33:23]} 25. Nxe5 {[%clk 0:14:56]} Qd6
{[%clk 0:23:39]} 26. N1d3 {[%clk 0:14:40]} Bb6 {[%clk 0:17:47]} 27. Qxc6
{[%clk 0:14:55]} Qe7 {[%clk 0:16:50]} 28. Kg2 {[%clk 0:11:59]} Rfc8
{[%clk 0:16:09]} 29. Qe4 {[%clk 0:11:36]} Qc7 {[%clk 0:15:08]} 30. bxa5
{[%clk 0:08:10]} Bxa5 {[%clk 0:15:22]} 31. Rxb8 {[%clk 0:08:22]} Rxb8
{[%clk 0:14:59]} 32. Nc6 {[%clk 0:07:31]} Re8 {[%clk 0:14:43]} 33. Ndb4
{[%clk 0:07:06]} Bb6 {[%clk 0:12:42]} 34. f3 {[%clk 0:03:15]} Qd6
{[%clk 0:12:02]} 35. Nd3 {[%clk 0:01:54]} Qa3 {[%clk 0:11:32]} 36. Qb4
{[%clk 0:01:33]} Qa2+ {[%clk 0:11:21]} 37. Kg3 {[%clk 0:01:12]} Bc7+
{[%clk 0:11:36]} 38. Nce5 {[%clk 0:01:00]} Qe2 {[%clk 0:09:15]} 39. Qe4
{[%clk 0:00:41]} Qxe4 {[%clk 0:09:21]} 40. fxe4 {[%clk 0:31:08]} Ra8
{[%clk 0:39:13]} 0-1

[Event "World Senior Championship S65+"]
[Site "Katerini"]
[Date "2014.10.29"]
[Round "6.42"]
[White "Haupt, Joachim"]
[Black "Zurel, Maxim"]
[Result "0-1"]
[WhiteElo "1874"]
[BlackElo "1725"]
[EventDate "2014.10.24"]

1. e4 {[%clk 1:30:41]} e5 {[%clk 1:30:37]} 2. Nf3 {[%clk 1:30:53]} d6
{[%clk 1:30:39]} 3. Bc4 {[%clk 1:31:09]} Be7 {[%clk 1:30:34]} 4. O-O
{[%clk 1:30:56]} Nf6 {[%clk 1:31:01]} 5. Re1 {[%clk 1:31:15]} O-O
{[%clk 1:31:16]} 6. c3 {[%clk 1:31:36]} Be6 {[%clk 1:31:17]} 7. Bxe6
{[%clk 1:30:58]} fxe6 {[%clk 1:31:36]} 8. Qb3 {[%clk 1:31:26]} Qd7
{[%clk 1:23:52]} 9. Ng5 {[%clk 1:30:19]} d5 {[%clk 1:14:17]} 10. exd5
{[%clk 1:30:38]} Nxd5 {[%clk 1:10:55]} 11. Ne4 {[%clk 1:29:31]} Qc6
{[%clk 1:02:57]} 12. d3 {[%clk 1:21:48]} Nd7 {[%clk 1:02:05]} 13. Nbd2
{[%clk 1:19:42]} Nf4 {[%clk 0:56:53]} 14. c4 {[%clk 1:07:42]} Nc5
{[%clk 0:47:21]} 15. Qc3 {[%clk 1:06:51]} Ncxd3 {[%clk 0:46:06]} 16. Re3
{[%clk 1:06:56]} Bc5 {[%clk 0:42:57]} 17. Rxd3 {[%clk 1:06:48]} Ne2+
{[%clk 0:42:52]} 18. Re3 Nf4 19. Rd3 {[%clk 1:05:47]} Ne2+ 0-1

[Event "World Senior Championship S65+"]
[Site "Katerini"]
[Date "2014.10.31"]
[Round "7.1"]
[White "Van Riemsdijk, Herman C."]
[Black "Vaisser, Anatoly"]
[Result "0-1"]
[WhiteElo "2339"]
[BlackElo "2531"]
[EventDate "2014.10.24"]

1. e4 {[%clk 1:30:55]} e6 {[%clk 1:30:42]} 2. d4 {[%clk 1:31:17]} d5
{[%clk 1:30:59]} 3. Nc3 {[%clk 1:31:41]} Nf6 {[%clk 1:31:03]} 4. Bg5
{[%clk 1:31:59]} dxe4 {[%clk 1:31:13]} 5. Nxe4 {[%clk 1:32:14]} Be7
{[%clk 1:31:11]} 6. Bxf6 {[%clk 1:32:30]} gxf6 {[%clk 1:31:35]} 7. Nf3
{[%clk 1:32:44]} f5 {[%clk 1:29:44]} 8. Nc3 {[%clk 1:28:15]} a6 {[%clk 1:29:10]}
9. g3 {[%clk 1:14:33]} b5 {[%clk 1:29:03]} 10. Bg2 {[%clk 1:14:51]} Bb7
{[%clk 1:29:24]} 11. Ne2 {[%clk 1:14:20]} Nd7 {[%clk 1:24:31]} 12. Nf4
{[%clk 0:57:12]} Nf6 {[%clk 1:24:00]} 13. Nd3 {[%clk 0:54:03]} Rc8
{[%clk 1:08:20]} 14. O-O {[%clk 0:50:56]} O-O {[%clk 1:03:51]} 15. c3
{[%clk 0:48:20]} c5 {[%clk 1:01:28]} 16. Nxc5 {[%clk 0:47:47]} Bxc5
{[%clk 1:00:15]} 17. dxc5 {[%clk 0:48:11]} Rxc5 {[%clk 0:59:01]} 18. Qxd8
{[%clk 0:47:26]} Rxd8 {[%clk 0:59:28]} 19. Rfd1 {[%clk 0:47:14]} Bd5
{[%clk 0:52:53]} 20. Nd4 {[%clk 0:43:35]} Bxg2 {[%clk 0:48:11]} 21. Kxg2
{[%clk 0:44:00]} Rcd5 {[%clk 0:48:07]} 22. Re1 {[%clk 0:44:00]} Rc8
{[%clk 0:47:46]} 23. Nb3 {[%clk 0:37:31]} Kg7 {[%clk 0:42:55]} 24. Rad1
{[%clk 0:35:36]} Rc4 {[%clk 0:35:33]} 25. Rd4 {[%clk 0:32:09]} Rdxd4
{[%clk 0:34:07]} 26. Nxd4 {[%clk 0:31:41]} Nd5 {[%clk 0:33:24]} 27. Rd1
{[%clk 0:30:26]} Kf6 {[%clk 0:33:09]} 28. Rd2 {[%clk 0:28:48]} b4
{[%clk 0:26:05]} 29. cxb4 {[%clk 0:28:48]} Nxb4 {[%clk 0:26:06]} 30. a3
{[%clk 0:27:00]} Nd5 {[%clk 0:26:19]} 31. Nc2 {[%clk 0:23:46]} f4
{[%clk 0:24:57]} 32. Nd4 {[%clk 0:21:45]} h5 {[%clk 0:22:38]} 33. Ne2
{[%clk 0:22:02]} fxg3 {[%clk 0:20:31]} 34. hxg3 {[%clk 0:22:25]} h4
{[%clk 0:19:49]} 35. b3 {[%clk 0:19:04]} Re4 {[%clk 0:18:14]} 36. gxh4
{[%clk 0:19:02]} Rxh4 {[%clk 0:18:20]} 37. Rd3 {[%clk 0:18:33]} Ke5
{[%clk 0:16:10]} 38. Kg3 {[%clk 0:18:21]} Rh1 {[%clk 0:15:31]} 39. Rf3
{[%clk 0:03:17]} f5 {[%clk 0:13:15]} 40. Nc3 {[%clk 0:32:01]} f4+
{[%clk 0:35:57]} 41. Kg2 {[%clk 0:32:07]} Rc1 {[%clk 0:34:06]} 42. Na4
{[%clk 0:26:54]} Rc2 {[%clk 0:29:07]} 43. b4 {[%clk 0:24:49]} Kf5
{[%clk 0:18:41]} 44. Nc5 {[%clk 0:16:37]} Ne3+ {[%clk 0:15:13]} 45. Kh3
{[%clk 0:15:55]} Ng4 {[%clk 0:13:09]} 46. Nxe6 {[%clk 0:13:06]} Nxf2+
{[%clk 0:13:00]} 47. Kh4 {[%clk 0:13:30]} Kxe6 {[%clk 0:13:07]} 48. Rxf4
{[%clk 0:12:51]} Ke5 {[%clk 0:12:44]} 49. Rf8 {[%clk 0:12:46]} Rc4+
{[%clk 0:12:07]} 50. Kh5 {[%clk 0:11:58]} Nd3 {[%clk 0:11:14]} 51. Re8+
{[%clk 0:10:52]} Kf6 {[%clk 0:09:51]} 52. Rb8 {[%clk 0:08:41]} Nf4+
{[%clk 0:09:35]} 53. Kh6 {[%clk 0:05:48]} Ne6 {[%clk 0:08:45]} 54. Kh7
{[%clk 0:06:04]} Rh4+ {[%clk 0:05:52]} 55. Kg8 {[%clk 0:06:26]} Rg4+
{[%clk 0:05:42]} 56. Kh8 {[%clk 0:06:20]} Nc7 {[%clk 0:04:07]} 57. Rf8+
{[%clk 0:04:00]} Ke7 {[%clk 0:04:19]} 58. Rf5 {[%clk 0:04:10]} Nb5
{[%clk 0:04:07]} 59. a4 {[%clk 0:04:12]} Nd6 {[%clk 0:04:19]} 60. Rc5
{[%clk 0:01:13]} *

[Event "World Senior Championship S65+"]
[Site "Katerini"]
[Date "2014.10.31"]
[Round "7.17"]
[White "Acosta, Mariano"]
[Black "Frumson, Yury"]
[Result "0-1"]
[WhiteElo "1942"]
[BlackElo "2179"]
[EventDate "2014.10.24"]

1. d4 {[%clk 1:30:56]} d5 {[%clk 1:30:52]} 2. Nf3 {[%clk 1:31:10]} Nf6
{[%clk 1:31:08]} 3. c3 {[%clk 1:30:49]} c6 {[%clk 1:31:02]} 4. Bf4
{[%clk 1:30:30]} Bf5 5. Nbd2 Nbd7 {[%clk 1:28:08]} 6. e3 {[%clk 1:28:54]} e6
{[%clk 1:24:28]} 7. Nh4 {[%clk 1:28:41]} Be4 {[%clk 1:21:37]} 8. Qb3
{[%clk 1:13:57]} Nh5 {[%clk 1:13:12]} 9. Bg3 {[%clk 1:14:16]} Nxg3
{[%clk 1:13:26]} 10. hxg3 {[%clk 1:14:44]} Qc7 {[%clk 1:12:13]} 11. O-O-O
{[%clk 1:13:17]} h6 {[%clk 1:11:36]} 12. Nhf3 {[%clk 1:08:48]} Bg6
{[%clk 1:11:26]} 13. Be2 {[%clk 1:07:25]} Be7 {[%clk 1:06:50]} 14. Nh4
{[%clk 1:04:25]} Bh7 {[%clk 1:06:56]} 15. f4 {[%clk 1:04:49]} O-O-O
{[%clk 1:02:23]} 16. Qa4 {[%clk 1:04:19]} Kb8 {[%clk 1:02:14]} 17. b4
{[%clk 1:04:42]} f6 {[%clk 1:00:18]} 18. Nhf3 {[%clk 1:01:31]} e5
{[%clk 1:00:00]} 19. Ne1 {[%clk 0:59:51]} Rhe8 {[%clk 0:59:17]} 20. Bd3
{[%clk 0:59:07]} Bxd3 {[%clk 0:52:19]} 21. Nxd3 {[%clk 0:59:28]} Bf8
{[%clk 0:52:21]} 22. Rde1 {[%clk 0:57:34]} Ka8 {[%clk 0:45:02]} 23. Kb2
{[%clk 0:56:34]} b6 {[%clk 0:43:13]} 24. Qb3 {[%clk 0:56:19]} Qd6
{[%clk 0:39:57]} 25. Ka1 {[%clk 0:55:48]} c5 {[%clk 0:40:07]} 26. Qa4
{[%clk 0:47:27]} Rc8 {[%clk 0:38:16]} 27. bxc5 {[%clk 0:43:38]} bxc5
{[%clk 0:38:37]} 28. Nb2 {[%clk 0:44:00]} Nb6 {[%clk 0:30:34]} 29. dxe5
{[%clk 0:42:15]} fxe5 {[%clk 0:30:43]} 30. Qc2 {[%clk 0:41:12]} e4
{[%clk 0:27:42]} 31. c4 {[%clk 0:40:12]} Qc6 32. Nb3 {[%clk 0:28:24]} g6
{[%clk 0:26:20]} 33. Na5 {[%clk 0:26:18]} Qf6 {[%clk 0:24:25]} 34. Re2
{[%clk 0:25:36]} Bg7 {[%clk 0:24:28]} 35. Rb1 {[%clk 0:24:53]} Qe6
{[%clk 0:22:37]} 36. Rbe1 {[%clk 0:15:31]} Rb8 {[%clk 0:19:08]} 37. cxd5 Nxd5
{[%clk 0:19:27]} 38. Nac4 {[%clk 0:04:14]} Nb4 {[%clk 0:19:34]} 39. Qa4
{[%clk 0:04:34]} Qxc4 {[%clk 0:19:39]} 0-1

[Event "World Senior Championship S65+"]
[Site "Katerini"]
[Date "2014.10.31"]
[Round "7.35"]
[White "Borensztajn, David"]
[Black "Susanto, Budhi"]
[Result "0-1"]
[WhiteElo "1940"]
[BlackElo "1724"]
[EventDate "2014.10.24"]

1. d4 {[%clk 1:30:48]} Nf6 {[%clk 1:30:14]} 2. Nf3 {[%clk 1:31:18]} g6
{[%clk 1:30:30]} 3. Nc3 {[%clk 1:31:19]} Bg7 {[%clk 1:30:47]} 4. e4
{[%clk 1:31:42]} d6 {[%clk 1:30:06]} 5. Be2 {[%clk 1:31:29]} O-O {[%clk 1:29:41]}
6. Be3 {[%clk 1:30:31]} Ng4 {[%clk 1:27:50]} 7. Bf4 {[%clk 1:30:13]} f5
{[%clk 1:27:01]} 8. h3 {[%clk 1:28:34]} fxe4 {[%clk 1:26:14]} 9. Bc4+
{[%clk 1:27:46]} Kh8 {[%clk 1:26:21]} 10. Ng5 {[%clk 1:23:02]} Nxf2 11. Kxf2
Rxf4+ {[%clk 1:22:16]} 12. Ke3 {[%clk 1:20:24]} e5 {[%clk 1:19:37]} 13. Ncxe4
{[%clk 1:15:31]} d5 {[%clk 1:18:41]} 14. dxe5 {[%clk 1:15:39]} Rxe4+
{[%clk 1:08:11]} 15. Nxe4 {[%clk 1:15:55]} Bh6+ {[%clk 1:07:34]} 16. Ke2
{[%clk 1:15:27]} Qh4 17. Qxd5 Be6 {[%clk 0:59:41]} 18. Qd4 {[%clk 1:13:57]} Nc6
19. Qd3 {[%clk 1:08:16]} Nxe5 20. Bxe6 Nxd3 {[%clk 0:49:54]} 21. cxd3
{[%clk 1:08:38]} Qf4 {[%clk 0:49:27]} 22. Bc4 {[%clk 1:05:08]} c6
{[%clk 0:48:29]} 23. a4 {[%clk 1:03:51]} Re8 {[%clk 0:48:18]} 24. Kf3 Qe3+ 25.
Kg4 Qf4# 0-1

[Event "World Senior Championship S65+"]
[Site "Katerini"]
[Date "2014.11.01"]
[Round "8.39"]
[White "Urbanc, Vinko"]
[Black "Rubinstein, Mark"]
[Result "1-0"]
[WhiteElo "1849"]
[BlackElo "1931"]
[EventDate "2014.10.24"]

1. e4 {[%clk 1:30:19]} e6 {[%clk 1:30:55]} 2. d4 {[%clk 1:31:15]} d5
{[%clk 1:31:15]} 3. Nc3 {[%clk 1:31:35]} Nf6 {[%clk 1:31:06]} 4. e5
{[%clk 1:30:18]} Nfd7 {[%clk 1:31:28]} 5. f4 {[%clk 1:30:15]} c5 {[%clk 1:31:33]}
6. Nce2 {[%clk 1:28:58]} Nc6 {[%clk 1:31:30]} 7. c3 {[%clk 1:24:59]} a5
{[%clk 1:30:54]} 8. Nf3 {[%clk 1:24:46]} b6 {[%clk 1:30:51]} 9. g3
{[%clk 1:24:43]} Ba6 {[%clk 1:29:13]} 10. Bg2 {[%clk 1:24:04]} Qc7
{[%clk 1:28:31]} 11. O-O {[%clk 1:24:01]} g6 {[%clk 1:26:25]} 12. Rf2
{[%clk 1:23:38]} h6 {[%clk 1:25:35]} 13. Be3 {[%clk 1:17:58]} O-O-O
{[%clk 1:25:24]} 14. a3 {[%clk 1:12:04]} b5 {[%clk 1:20:42]} 15. a4
{[%clk 0:50:57]} b4 {[%clk 1:15:39]} 16. g4 {[%clk 0:46:39]} c4 {[%clk 1:14:14]}
17. Ng3 {[%clk 0:42:56]} b3 {[%clk 1:12:56]} 18. f5 {[%clk 0:39:23]} gxf5
{[%clk 1:02:38]} 19. gxf5 {[%clk 0:39:25]} Nb6 {[%clk 1:02:24]} 20. fxe6
{[%clk 0:35:29]} fxe6 {[%clk 1:02:41]} 21. Bh3 {[%clk 0:34:37]} Re8
{[%clk 1:02:13]} 22. Nh4 {[%clk 0:30:59]} Qh7 {[%clk 0:54:20]} 23. Qh5
{[%clk 0:28:41]} Kd8 {[%clk 0:48:38]} 24. Ng6 {[%clk 0:20:44]} Rg8
{[%clk 0:46:07]} 25. Nf4 {[%clk 0:15:03]} Bc8 {[%clk 0:45:25]} 26. Raf1
{[%clk 0:13:42]} Qg7 {[%clk 0:40:09]} 27. Qf3 {[%clk 0:08:39]} Re7
{[%clk 0:35:12]} 28. Nfh5 {[%clk 0:08:28]} Qg6 {[%clk 0:33:57]} 29. Nf6
{[%clk 0:07:47]} Rh8 {[%clk 0:32:31]} 30. Rg2 {[%clk 0:07:25]} Ra7
{[%clk 0:27:33]} 31. Ngh5 {[%clk 0:06:48]} Qf7 {[%clk 0:26:15]} 32. Nf4
{[%clk 0:05:29]} Ne7 {[%clk 0:25:17]} 33. Bg4 {[%clk 0:05:04]} Nf5
{[%clk 0:23:32]} 34. Bh5 {[%clk 0:04:00]} Qc7 {[%clk 0:22:16]} 35. Bf2
{[%clk 0:03:25]} Qc6 {[%clk 0:17:41]} 36. Ng6 {[%clk 0:03:31]} 1-0